000067867 001__ 67867
000067867 005__ 20240207151416.0
000067867 0247_ $$2doi$$a10.15120/GR-2014-1-PNI-AP-04
000067867 037__ $$aGSI-SR2013-PNI-AP-04
000067867 041__ $$aEnglish
000067867 0881_ $$aGSI Report 2014-1
000067867 088__ $$2GSI$$aGSI Report 2014-1
000067867 1001_ $$0P:(DE-Ds200)OR0158$$aBrandau, C.$$b0$$ugsi
000067867 245__ $$aInnovative Concepts for Collision Studies at GSI's and FAIR's Storage Rings
000067867 260__ $$aDarmstadt$$bGSI Helmholtzzentrum für Schwerionenforschung$$c2014
000067867 29510 $$aScientific Report 2013
000067867 300__ $$a160 p.
000067867 3367_ $$2DRIVER$$abookPart
000067867 3367_ $$2BibTeX$$aINBOOK
000067867 3367_ $$07$$2EndNote$$aBook Section
000067867 3367_ $$0PUB:(DE-HGF)7$$2PUB:(DE-HGF)$$aContribution to a book$$bcontb$$mcontb$$s1411887393_14784
000067867 3367_ $$0PUB:(DE-HGF)15$$2PUB:(DE-HGF)$$aInternal Report$$mintrep
000067867 4900_ $$aGSI Report$$v2014-1$$x0171-4546
000067867 4900_ $$aGSI Scientific Report$$v2013$$x0174-0814
000067867 536__ $$0G:(DE-HGF)POF2-544$$a544 - In-house Research with PNI (POF2-544)$$cPOF2-544$$fPOF II$$x0
000067867 536__ $$0G:(DE-Ds200)HGF-IVF-VH-NG-327$$aHGF-IVF-VH-NG-327 - VH-NG-327/ Univ. Frankfurt : PIANO - Proton-Induced reactions for Astrophysical NucleOsynthesis (HGF-IVF-VH-NG-327)$$cHGF-IVF-VH-NG-327$$x1
000067867 536__ $$0G:(DE-Ds200)HGF-IVF-HA-216$$aEMMI - Helmholtz-Allianz 'Kosmische Materie im Labor', Extreme Matter Institute (HGF-IVF-HA-216)$$cHGF-IVF-HA-216$$x2
000067867 7001_ $$0P:(DE-HGF)0$$aGlorius, J.$$b1
000067867 7001_ $$0P:(DE-HGF)0$$aTrageser, C.$$b2
000067867 7001_ $$0P:(DE-HGF)0$$aReifarth, R.$$b3
000067867 7001_ $$0P:(DE-Ds200)OR1838$$aHeil, M.$$b4$$ugsi
000067867 7001_ $$0P:(DE-HGF)0$$aMüller, A.$$b5
000067867 7001_ $$0P:(DE-Ds200)OR0395$$aGumberidze, A.$$b6$$ugsi
000067867 7001_ $$0P:(DE-Ds200)OR0633$$aKozhuharov, C.$$b7$$ugsi
000067867 7001_ $$0P:(DE-Ds200)OR0734$$aLitvinov, Yury$$b8$$ugsi
000067867 7001_ $$0P:(DE-Ds200)OR0796$$aMeister, M.$$b9$$ugsi
000067867 7001_ $$0P:(DE-HGF)0$$aSanjari, S.$$b10
000067867 7001_ $$0P:(DE-HGF)0$$aSchippers, S.$$b11
000067867 7001_ $$0P:(DE-Ds200)OR1264$$aStöhlker, Thomas$$b12$$ugsi
000067867 7001_ $$0P:(DE-HGF)0$$aDavinson, T.$$b13
000067867 7001_ $$0P:(DE-HGF)0$$aWoods, P.$$b14
000067867 773__ $$a10.15120/GR-2014-1-PNI-AP-04$$y2014
000067867 8564_ $$ySR2013-PNI-AP-04
000067867 8564_ $$uhttps://repository.gsi.de/record/67867/files/PNI-AP-04.pdf$$yOpenAccess
000067867 909CO $$ooai:repository.gsi.de:67867$$pdnbdelivery$$pdriver$$pVDB$$popen_access$$popenaire$$qec_fundedresources
000067867 9101_ $$0I:(DE-Ds200)20121206GSI$$6P:(DE-Ds200)OR0158$$aGSI Helmholtzzentrum für Schwerionenforschung GmbH$$b0$$kGSI
000067867 9101_ $$0I:(DE-Ds200)20121206GSI$$6P:(DE-HGF)0$$aGSI Helmholtzzentrum für Schwerionenforschung GmbH$$b1$$kGSI
000067867 9101_ $$0I:(DE-Ds200)20121206GSI$$6P:(DE-HGF)0$$aGSI Helmholtzzentrum für Schwerionenforschung GmbH$$b2$$kGSI
000067867 9101_ $$0I:(DE-Ds200)20121206GSI$$6P:(DE-Ds200)OR1838$$aGSI Helmholtzzentrum für Schwerionenforschung GmbH$$b4$$kGSI
000067867 9101_ $$0I:(DE-Ds200)20121206GSI$$6P:(DE-Ds200)OR0395$$aGSI Helmholtzzentrum für Schwerionenforschung GmbH$$b6$$kGSI
000067867 9101_ $$0I:(DE-Ds200)20121206GSI$$6P:(DE-Ds200)OR0633$$aGSI Helmholtzzentrum für Schwerionenforschung GmbH$$b7$$kGSI
000067867 9101_ $$0I:(DE-Ds200)20121206GSI$$6P:(DE-Ds200)OR0734$$aGSI Helmholtzzentrum für Schwerionenforschung GmbH$$b8$$kGSI
000067867 9101_ $$0I:(DE-Ds200)20121206GSI$$6P:(DE-Ds200)OR0796$$aGSI Helmholtzzentrum für Schwerionenforschung GmbH$$b9$$kGSI
000067867 9101_ $$0I:(DE-Ds200)20121206GSI$$6P:(DE-HGF)0$$aGSI Helmholtzzentrum für Schwerionenforschung GmbH$$b10$$kGSI
000067867 9101_ $$0I:(DE-Ds200)20121206GSI$$6P:(DE-Ds200)OR1264$$aGSI Helmholtzzentrum für Schwerionenforschung GmbH$$b12$$kGSI
000067867 9131_ $$0G:(DE-HGF)POF2-544$$1G:(DE-HGF)POF2-540$$2G:(DE-HGF)POF2-500$$3G:(DE-HGF)POF2$$4G:(DE-HGF)POF$$aDE-HGF$$bStruktur der Materie$$lForschung mit Photonen, Neutronen, Ionen$$vIn-house Research with PNI$$x0
000067867 9141_ $$y2014
000067867 915__ $$0StatID:(DE-HGF)0510$$2StatID$$aOpenAccess
000067867 9201_ $$0I:(DE-Ds200)ATP-20051214OR020$$kATP$$lAtomphysik$$x0
000067867 9201_ $$0I:(DE-Ds200)Ext-EMMI$$kEMMI$$lHelmholtz Alliance 'Cosmic Matter in the Laboratory', Extreme Matter Institute$$x1
000067867 9201_ $$0I:(DE-Ds200)BUD-20051214OR030$$kBUD$$lBibliothek & Dokumentation$$x2
000067867 970__ $$aGSI-SR2013-PNI-AP-04
000067867 9801_ $$aGSI Scientific Report 2013
000067867 9801_ $$aGSI Scientific Report
000067867 9801_ $$aGSI Report 2014-1
000067867 9801_ $$aGSI Report
000067867 9801_ $$aFullTexts
000067867 9801_ $$aGSIasPublisher
000067867 980__ $$acontb
000067867 980__ $$aVDB
000067867 980__ $$aintrep
000067867 980__ $$aI:(DE-Ds200)20110830OR020
000067867 980__ $$aI:(DE-Ds200)ATP-20051214OR020
000067867 980__ $$aI:(DE-Ds200)Ext-EMMI
000067867 980__ $$aI:(DE-Ds200)20120319OR030
000067867 980__ $$aI:(DE-Ds200)BUD-20051214OR030
000067867 980__ $$aUNRESTRICTED
000067867 980__ $$aGSI Report
000067867 980__ $$aGSI Report 2014-1
000067867 980__ $$aGSI Scientific Report 2013
000067867 980__ $$aGSI Scientific Report
000067867 980__ $$aGSIasPublisher
000067867 980__ $$aintrep
000067867 980__ $$aFullTexts